00509nam a22001337a 4500020001800000082001400018100002200032245007100054260002900125300000900154942001200163999001900175952018100194 a9781461269106 a515.7 ZEI aZeidler, Eberhard aApplied functional analysis : applications to mathematical physics aNew YorkbSpringerc1995 a481p 2ddccBK c554520d554520 00102ddc406515_700000000000000_ZEI709536338aCLbCLd2021-04-13eProgressive International Agencies Pvt. Ltd.l1o515.7 ZEIpCL-525r2024-07-18s2023-06-04w2021-04-13yBK